Normal view
MARC view
- United Service Institution of India.
Entry Corporate Name
001 - CONTROL NUMBER
- control field: 99825
003 - CONTROL NUMBER IDENTIFIER
- control field: NUST
005 - DATE AND TIME OF LATEST TRANSACTION
- control field: 20221011114552.0
008 - FIXED-LENGTH DATA ELEMENTS
- fixed length control field: 221011|| aca||aabn | a|a d
040 ## - CATALOGING SOURCE
- Original cataloging agency: NUST
- Transcribing agency: NUST
110 ## - HEADING--CORPORATE NAME
- Corporate name or jurisdiction name as entry element: United Service Institution of India.
- Subordinate unit: Field Marshal K.M. Cariappa Chair
670 ## - SOURCE DATA FOUND
- Source citation: Work cat.: (NUST)0: Kapur, C. K. (Chander K.) 99821, Chinese military modernisation /, 2003.
